| 000 | 00353nam a22001457a 4500 | ||
|---|---|---|---|
| 008 | 210422b ||||| |||| 00| 0 eng d | ||
| 082 |
_a181.45 _bUPA |
||
| 100 | _aUpdhyaya Govind Prasad | ||
| 245 | _aAyurvediya Rogi Rog Priksha Padhati | ||
| 260 |
_aNew Delhi _bChaukhamba _c2018 |
||
| 300 | _a257p. | ||
| 650 | _aYOGA | ||
| 942 | _cBK | ||
| 999 |
_c41433 _d41433 |
||
| 041 | _ahin | ||